Mikroprocessory /

Saved in:
Bibliographic Details
Main Authors: Samofalov, K.G (Author), Viktorov, O.V (Author), Kuzňak, A.K (Author)
Format: Book
Language:Russian
Published: Kijev : Technika, 1986
Tags: Add Tag
No Tags, Be the first to tag this record!

MARC

LEADER 00000nam a22000003a 4500
001 stu8621
005 20150617225803.6
008 960308s1986----xxr-----------------rus-d
040 |a STU  |b slo 
041 0 |a rus 
044 |a xxr 
080 |a 681.326-181.4 
080 |a 621.382.049.77 
100 1 |a Samofalov, K.G  |4 aut 
245 1 |a Mikroprocessory /  |c [aut.] Samofalov,K.G.; Viktorov,O.V.; Kuzňak,A.K 
260 |a Kijev :  |b Technika,  |c 1986 
300 |a 268 s 
700 1 |a Viktorov, O.V  |4 aut 
700 1 |a Kuzňak, A.K  |4 aut 
996 |b I3501  |c I*3501  |l II680  |s A  |a 24  |w stu8621_0001 
996 |b E62700  |c E*62700  |l EE03  |s P  |a 0  |w stu8621_0002 
996 |b E62701  |c E*62701  |l EE03  |s P  |a 0  |w stu8621_0003